000 00662nam a22002057a 4500
999 _c20210
_d20210
003 AR-CdUCM
008 190527b ||||| |||| 00| 0 spa d
040 _aMUNICIPALIDAD PROVINCIAL DEL CUSCO
_cBIBLIOTECA MUNICIPAL DEL CUSCO
082 _a462 /
_bC79
100 _aCorominas, Joan
_942242
245 _aBreve diccionario etimológico de la lengua castellana /
260 _aMadrid :
_bGredos,
_c1967.
300 _a627 páginas ;
_c25 cm.
440 _aBiblioteca Románica Hispánica
_nV diccionarios
_942243
505 _aContenido : Diccionario.
650 _aDiccionario
_95196
650 _aEtimológico
_942244
942 _2ddc
_cLIBROS
945 _arcc